=LDR 00000nam 2200000 4500 =001 000330 =005 20250710022830 =035 ##$$a 0010-0725000183 =007 ta =008 250710################a##########0#ind## =020 ##$$a 978-623-307-019-5 =082 ##$$a 398.209 598 =084 ##$$a 398.209 598 ADH c =100 #$$a Adhayati, Tuti =245 1#$$a Cerita Dari Suku Baduy /$c Tuti Adhayati =250 ##$$a Cetakan Kedua =260 ##$$a Jakarta :$b Badan Pengembangan dan Pembinaan Bahasa,$c 2020 =300 ##$$a 38 hlm. : $b ilus. ; $c 29,7 cm =650 #4$$a CERITA ANAK-SUKU BADUY =600 #4$$a LITERASI-BAHAN BACAAN =990 ##$$a TBM00320032